000 00633nam a2200241Ia 4500
003 OSt
005 20220918182316.0
006 a|||||r|||| 00| 0
007 ta
008 220917b |||||||| |||| 00| 0 eng d
024 _a31,828
037 _cTextual
040 _aARTS
_cARTS
_beng
041 _2eng
_aeng
082 _aO111,1L70:g, L5
100 _aSutherland J R
_960009
245 0 _aWordsworth and Pope
260 _aFolcroft
_bFolcroft Library
_c1975
300 _a18p.
_ccm.
650 _aENGLISH LITERATURE
942 _hO111,1L70:g, L5
_cTEXL
_2CC
999 _c168505
_d168505